| 000 | 02327nam0a22003491 4500 | ||
|---|---|---|---|
| 001 | v19\rc\1601889 | ||
| 005 | 20061002113209.0 | ||
| 035 | _a(NLR Aleph) 004724072 | ||
| 090 |
_a4372727 _c4372727 |
||
| 100 | _a20061002d1896 |||y0rusy50 ca | ||
| 101 | 0 | _arus | |
| 102 | _aRU | ||
| 105 | _ay z ||||| | ||
| 200 | 1 |
_aК вопросу о влиянии хронического отравления амиловым спиртом и сивушным маслом на животных _eДис. на степ. д-ра мед. Александра Ивановича Мартиновича _fИз Судеб.-мед. лаб. акад. Н.И. Ивановского |
|
| 210 |
_aСанкт-Петербург _cтип. Штаба отд. корп. жанд. _d1896 |
||
| 215 |
_a37 с. _d22 |
||
| 225 | 1 |
_aСерия докторских диссертаций, допущенных к защите в Императорской Военно-медицинской академии в 1895-1896 учебном году _v№ 52 |
|
| 316 |
_aЭкз. РНБ (18.309.6.881(алл. 8)): приплетено к: Дебогорий-Мокриевич, И.А. О влиянии различной пищи и голодания на продолжительность выделения почками иодистого калия и салициловой кислоты. Спб., 1896 _5NLR: 18.309.6.881(алл. 8) |
||
| 320 | _aБиблиогр.: с. 34-35 | ||
| 482 | 0 |
_12001#$aО влиянии различной пищи и голодания на продолжительность выделения почками иодистого калия и салициловой кислоты _1210##$aСанкт-Петербург$d1896 _1700#1$aДебогорий-Мокриевич$bИ.А.$f1859-$gИван Андреевич |
|
| 700 | 1 |
_aМартинович _bА. И. _f1857- _gАлександр Иванович |
|
| 702 | 1 |
_aИвановский _bН. П. _f1843-1912 _gНиколай Петрович _3RU\NLR\AUTH\770222731 _4570 |
|
| 801 | 0 |
_aRU _bNLR _gpsbo |
|
| 801 | 0 |
_aRU _bRuMoRGB _2psbo |
|
| 801 | 1 |
_aRU _bProSoft-M _2rusmarc |
|
| 852 |
_aNLR _j18.309.6.881(алл. 8) |
||
| 899 |
_aRuMoRGB _jS 20/527 |
||
| 899 |
_aRuMoRGB _jS 12/426 |
||
| 899 |
_aRuMoRGB _jS 12/625 |
||
| 899 | _aБАН | ||
| 942 | _cBOOK | ||
| 980 | _aNB | ||